| 000 | 00499nam a2200181Ia 4500 | ||
|---|---|---|---|
| 005 | 20250508154131.0 | ||
| 008 | 008 250505s9999 xx 000 0 eng d | ||
| 037 | _aBooks to be hide in OPAC | ||
| 040 |
_aFEDL _beng _cFEDL |
||
| 041 |
_aeng _2eng |
||
| 084 |
_a940, SOM/O _qFEDL |
||
| 100 | _aSomervell D C | ||
| 245 | 0 | _aModern Europe, 1871-1939 | |
| 260 |
_aLondon, UK _bMethuen and Co. Ltd. _c1945 |
||
| 300 | _aix,218p | ||
| 942 |
_cHB _h940, SOM/O |
||
| 999 |
_c1347898 _d1347898 |
||